La celestina /

Guardado en:
Autor Principal: Rojas, Fernando de
Formato: Libro
Publicado: Buenos Aires : Sopena, 1978
Edición:8a. ed.
Materias:
Etiquetas: Agregar Etiqueta
Sin Etiquetas, Sea el primero en etiquetar este registro!
LEADER 00518nam a22001815a 4500
001 CEM.cems005519
005 20060221000000.0
008 130507s1978##################000#0#####d
003 CEMS
082 0 4 |a 862.2 
100 1 |a Rojas, Fernando de 
245 1 0 |a La celestina / 
250 |a 8a. ed. 
260 |a Buenos Aires :  |b Sopena,  |c 1978 
300 |a 204 p. 
653 |a Literatura 
859 |a CEMS  |b BIB. CEMS - 11 de abril  |h 862.2  |i R638-1a8  |p 11175.82  |t Ej.1 
859 |a CEMS  |b BIB. CEMS - 11 de abril  |h 862.2  |i R638-1a8  |p 11176.82  |t Ej.2